Mathematics for Economics and Finance/ (Record no. 8476)

MARC details
000 -LEADER
fixed length control field 00609nam a22001937a 4500
003 - CONTROL NUMBER IDENTIFIER
control field OSt
005 - DATE AND TIME OF LATEST TRANSACTION
control field 20240614122428.0
008 - FIXED-LENGTH DATA ELEMENTS--GENERAL INFORMATION
fixed length control field 240614b |||||||| |||| 00| 0 eng d
020 ## - INTERNATIONAL STANDARD BOOK NUMBER
International Standard Book Number 0521785146
040 ## - CATALOGING SOURCE
Transcribing agency MUST,
082 ## - DEWEY DECIMAL CLASSIFICATION NUMBER
Classification number 510 ANT 2000.
100 ## - MAIN ENTRY--PERSONAL NAME
Personal name Martin Anthony...(et al)
9 (RLIN) 17225
245 ## - TITLE STATEMENT
Title Mathematics for Economics and Finance/
Remainder of title Mathods and Modelling,
Statement of responsibility, etc. Martin Anthony...(et al)
260 ## - PUBLICATION, DISTRIBUTION, ETC. (IMPRINT)
Place of publication, distribution, etc. New York,
Name of publisher, distributor, etc. Cambridge University,
Date of publication, distribution, etc. 2000.
300 ## - PHYSICAL DESCRIPTION
Extent 394.:
Other physical details ill,;
Dimensions 22.7cm.
504 ## - BIBLIOGRAPHY, ETC. NOTE
Bibliography, etc Includes Bibliographical indexes.
650 ## - SUBJECT ADDED ENTRY--TOPICAL TERM
Source of heading or term Economics and Finance,
Topical term or geographic name as entry element Mathematics.
942 ## - ADDED ENTRY ELEMENTS (KOHA)
Source of classification or shelving scheme Dewey Decimal Classification
Koha item type Open Shelf
Holdings
Withdrawn status Lost status Source of classification or shelving scheme Damaged status Not for loan Home library Current library Source of acquisition Inventory number Total Checkouts Full call number Barcode Date last seen Koha item type
    Dewey Decimal Classification     MUST Main Library MUST Main Library Donation 03/20498   510 ANT 2000. 2024-20528 14/06/2024 Open Shelf